| 000 | 00685nam a22002057a 4500 | ||
|---|---|---|---|
| 005 | 20251108165332.0 | ||
| 008 | 250721s1996 xx 000 0 ara d | ||
| 082 | 1 | 4 | _a636.5/أسا |
| 100 | 1 | _aيوسف، أسامه محمد الحسيني | |
| 245 | 1 | 0 | _aدليل الإنتاج التجاري للبط / |
| 246 | 1 | 1 | _aCommercial Duck production Manual |
| 264 | 1 |
_aالقاهرة : _bالدار العربية للنشر و التوزيع، _c1996. |
|
| 300 | _a591ص | ||
| 650 | 1 | 7 | _aالواجن |
| 650 | 1 | 7 | _aالبط |
| 700 | 1 | _aعبد الله، عبده جاد محمد | |
| 700 | 1 | _aعلي، صلاح أبو الوفا أحمد | |
| 942 |
_2ddc _cBK |
||
| 999 |
_c25380 _d25380 |
||